<?xml version="1.0" encoding="UTF-8"?>
<record
    xmlns:xsi="http://www.w3.org/2001/XMLSchema-instance"
    xsi:schemaLocation="http://www.loc.gov/MARC21/slim http://www.loc.gov/standards/marcxml/schema/MARC21slim.xsd"
    xmlns="http://www.loc.gov/MARC21/slim">

  <leader>01611cam a22003018a 4500</leader>
  <controlfield tag="001">17210928</controlfield>
  <controlfield tag="005">20141022135310.0</controlfield>
  <controlfield tag="008">120314s2012    xxka   frbd   001 0 eng d</controlfield>
  <datafield tag="020" ind1=" " ind2=" ">
    <subfield code="a">9780273743712</subfield>
  </datafield>
  <datafield tag="040" ind1=" " ind2=" ">
    <subfield code="a">EG-ScBUE</subfield>
  </datafield>
  <datafield tag="082" ind1="0" ind2="0">
    <subfield code="a">616.025</subfield>
    <subfield code="2">22</subfield>
    <subfield code="b">ACU</subfield>
  </datafield>
  <datafield tag="245" ind1="0" ind2="0">
    <subfield code="a">Acute nursing care : </subfield>
    <subfield code="b">recognising and responding to medical emergencies /</subfield>
    <subfield code="c">[edited by] Ian Peate, Helen Dutton.</subfield>
  </datafield>
  <datafield tag="260" ind1=" " ind2=" ">
    <subfield code="a">Harlow, United Kingdom :</subfield>
    <subfield code="b">Pearson,</subfield>
    <subfield code="c">2012</subfield>
    <subfield code="e">([Rome] :</subfield>
    <subfield code="f">Rotolito Lombarda)</subfield>
  </datafield>
  <datafield tag="300" ind1=" " ind2=" ">
    <subfield code="a">xxiv, 346 p. :</subfield>
    <subfield code="b">ill. (col.) ;</subfield>
    <subfield code="c">28 cm.</subfield>
  </datafield>
  <datafield tag="500" ind1=" " ind2=" ">
    <subfield code="a">Includes appendixes.</subfield>
  </datafield>
  <datafield tag="500" ind1=" " ind2=" ">
    <subfield code="a">Glossary : p. 328-338.</subfield>
  </datafield>
  <datafield tag="500" ind1=" " ind2=" ">
    <subfield code="a">Index : p. 339-346.</subfield>
  </datafield>
  <datafield tag="504" ind1=" " ind2=" ">
    <subfield code="a">Includes bibliographical references.</subfield>
  </datafield>
  <datafield tag="505" ind1="0" ind2=" ">
    <subfield code="a">Assessment and recognition of emergencies in acute care-Vulnerability in the acutely ill patient-The cell and tissues-Body fluids and electrolytes-The patient with acute respiratory problems-The patient with acute cardiovascular problems-Recognition and management of cardiopulmonary arrest-The patient with acute renal problems-The patient with acute neurological problems-The patient with acute gastro intestinal problems-The patient with acute endocrine problems-The immune and lymphatic systems, infection and sepsis-The safe transfer of acutely ill patients.</subfield>
  </datafield>
  <datafield tag="650" ind1="1" ind2="2">
    <subfield code="a">Emergencies</subfield>
    <subfield code="x">nursing</subfield>
    <subfield code="9">32501</subfield>
  </datafield>
  <datafield tag="650" ind1="2" ind2="2">
    <subfield code="a">Emergency Nursing</subfield>
    <subfield code="x">methods</subfield>
    <subfield code="9">20461</subfield>
  </datafield>
  <datafield tag="650" ind1="2" ind2="2">
    <subfield code="a">Nursing Assessment.</subfield>
    <subfield code="9">32502</subfield>
  </datafield>
  <datafield tag="653" ind1=" " ind2=" ">
    <subfield code="c">February2013</subfield>
    <subfield code="c">October2014</subfield>
    <subfield code="b">NNUR</subfield>
  </datafield>
  <datafield tag="655" ind1=" " ind2=" ">
    <subfield code="v">reading book</subfield>
    <subfield code="9">34232</subfield>
  </datafield>
  <datafield tag="700" ind1="1" ind2=" ">
    <subfield code="a">Peate, Ian</subfield>
    <subfield code="9">23577</subfield>
    <subfield code="e">editor.</subfield>
  </datafield>
  <datafield tag="700" ind1="1" ind2=" ">
    <subfield code="a">Dutton, Helen.</subfield>
    <subfield code="9">32504</subfield>
    <subfield code="e">editor.</subfield>
  </datafield>
  <datafield tag="942" ind1=" " ind2=" ">
    <subfield code="2">ddc</subfield>
    <subfield code="c">NRB</subfield>
    <subfield code="k">616.025 ACU</subfield>
  </datafield>
  <datafield tag="999" ind1=" " ind2=" ">
    <subfield code="c">17262</subfield>
    <subfield code="d">17234</subfield>
  </datafield>
  <datafield tag="952" ind1=" " ind2=" ">
    <subfield code="0">0</subfield>
    <subfield code="1">0</subfield>
    <subfield code="2">ddc</subfield>
    <subfield code="4">0</subfield>
    <subfield code="7">0</subfield>
    <subfield code="8">Baccah</subfield>
    <subfield code="a">MAIN</subfield>
    <subfield code="b">MAIN</subfield>
    <subfield code="c">1ST</subfield>
    <subfield code="d">2013-02-07</subfield>
    <subfield code="e">purchase</subfield>
    <subfield code="g">417.00</subfield>
    <subfield code="h">000028033</subfield>
    <subfield code="l">8</subfield>
    <subfield code="m">13</subfield>
    <subfield code="o">616.025 ACU</subfield>
    <subfield code="p">000028033</subfield>
    <subfield code="r">2025-12-03 00:00:00</subfield>
    <subfield code="s">2025-12-03</subfield>
    <subfield code="y">BB</subfield>
  </datafield>
  <datafield tag="952" ind1=" " ind2=" ">
    <subfield code="0">0</subfield>
    <subfield code="1">0</subfield>
    <subfield code="2">ddc</subfield>
    <subfield code="4">0</subfield>
    <subfield code="7">0</subfield>
    <subfield code="8">Baccah</subfield>
    <subfield code="a">MAIN</subfield>
    <subfield code="b">MAIN</subfield>
    <subfield code="c">1ST</subfield>
    <subfield code="d">2014-10-22</subfield>
    <subfield code="e">purchase</subfield>
    <subfield code="g">255.00</subfield>
    <subfield code="h">20526</subfield>
    <subfield code="l">1</subfield>
    <subfield code="m">5</subfield>
    <subfield code="o">616.025 ACU</subfield>
    <subfield code="p">000036765</subfield>
    <subfield code="r">2025-07-15 00:00:00</subfield>
    <subfield code="s">2015-02-04</subfield>
    <subfield code="v">318.75</subfield>
    <subfield code="y">BB</subfield>
  </datafield>
  <datafield tag="952" ind1=" " ind2=" ">
    <subfield code="0">0</subfield>
    <subfield code="1">0</subfield>
    <subfield code="2">ddc</subfield>
    <subfield code="4">0</subfield>
    <subfield code="7">0</subfield>
    <subfield code="8">Baccah</subfield>
    <subfield code="a">MAIN</subfield>
    <subfield code="b">MAIN</subfield>
    <subfield code="c">1ST</subfield>
    <subfield code="d">2014-10-22</subfield>
    <subfield code="e">purchase</subfield>
    <subfield code="g">255.00</subfield>
    <subfield code="h">20526</subfield>
    <subfield code="l">0</subfield>
    <subfield code="o">616.025 ACU</subfield>
    <subfield code="p">000036766</subfield>
    <subfield code="r">2025-07-15 00:00:00</subfield>
    <subfield code="v">318.75</subfield>
    <subfield code="y">BB</subfield>
  </datafield>
</record>
